Focus Cambridgeshire, Norfolk and Suffolk (Record no. 106632)

MARC details
000 -LEADER
fixed length control field 01269cam a2200253 4500
001 - CONTROL NUMBER
control field L137076
008 - FIXED-LENGTH DATA ELEMENTS--GENERAL INFORMATION
fixed length control field 070313s2007 xxk f 000 0 eng d
035 ## - SYSTEM CONTROL NUMBER
System control number (Sirsi) u137076
041 0# - LANGUAGE CODE
Language code of text/sound track or separate title eng
100 1# - MAIN ENTRY--PERSONAL NAME
Personal name Thame, David
245 00 - TITLE STATEMENT
Title Focus Cambridgeshire, Norfolk and Suffolk
260 ## - PUBLICATION, DISTRIBUTION, ETC.
Date of publication, distribution, etc. 2007
490 #0 - SERIES STATEMENT
Series statement Estates Gazette
Volume/sequential designation (0710) 10 March 2007, 121-157(17)
520 ## - SUMMARY, ETC.
Summary, etc. Argues that developers are active in Norwich but still wary of speculative starts in Ipswich. Looks at the rental market in Cambridge where agents forecast growth before the market peaks. Examines the hi-tech sector in Cambridgeshire. Reports on the possible effect of the arrival of two huge retail developments in Cambridge on the existing retail offer. Looks at the East Anglia industrial market and argues that it is time for developers to move forward with proposals in the pipeline. Reports on the anxiety of local agents about town planners' wishes to demote the city's distribution sector.
590 ## - LOCAL NOTE (RLIN)
Local note KA
651 #4 - SUBJECT ADDED ENTRY--GEOGRAPHIC NAME
Geographic name EAST ANGLIA
690 ## - LOCAL SUBJECT ADDED ENTRY--TOPICAL TERM (OCLC, RLIN)
Topical term or geographic name as entry element PROPERTY-COMMERCIAL PROPERTY-COMMERCIAL PROPERTY MARKET
700 1# - ADDED ENTRY--PERSONAL NAME
Personal name Cunningham, Daniel
700 1# - ADDED ENTRY--PERSONAL NAME
Personal name Moore, Charlotte
700 1# - ADDED ENTRY--PERSONAL NAME
Personal name August, Alysia
700 1# - ADDED ENTRY--PERSONAL NAME
Personal name Elghamry, Nadia
700 1# - ADDED ENTRY--PERSONAL NAME
Personal name Bentley, Ross
942 ## - ADDED ENTRY ELEMENTS (KOHA)
Suppress in OPAC 0
Holdings
Withdrawn status Lost status Source of classification or shelving scheme Damaged status Not for loan Home library Current library Shelving location Date acquired Total Checkouts Full call number Barcode Date last seen Copy number Price effective from Koha item type
    Dewey Decimal Classification     London London Journal article 13/03/2007   L137076 137076-1001 06/08/2019 1 06/08/2019 Journal article